| 000 | 01095nam a2200325 i 4500 | ||
|---|---|---|---|
| 003 | DO-SdBNP | ||
| 005 | 20230519111013.0 | ||
| 006 | a||||er|||| 00| 0 | ||
| 007 | ta | ||
| 008 | 220829r1926 dr e s000 0 spa d | ||
| 040 |
_aDO-SdBNP _bspa _cBNPHU _erda |
||
| 041 | _hspa | ||
| 082 | 4 |
_a579.5 _bG643h, 1926 _222 |
|
| 100 | 1 |
_a González Fragoso, R. _q(Romualdo) _d1862-1928. _979724 |
|
| 245 | 1 | 0 |
_aHongos, parásitos y saprofitos de la República Dominicana (4a. serie) / _cRomualdo González Fragoso, Rafael Ciferri |
| 264 |
_aSanto Domingo : _bImprenta de J. R. Vda. Gacía , _c1926. |
||
| 300 |
_a13 páginas : _c23 cm |
||
| 336 |
_2rdacontent _atexto _btxt |
||
| 337 |
_2rdamedia _asin mediación _bn |
||
| 338 |
_2rdacarrier _avolumen _bnc |
||
| 490 |
_aBotánica _v5 |
||
| 500 | _aA la cabeza de la portada : Estación Agronómica de Haina, | ||
| 590 | _aInventariado, 2022 / YL | ||
| 650 | 4 |
_937142 _aHongos |
|
| 650 | 4 |
_aPlantas parasitas _982284 |
|
| 700 | 1 |
_aCiferri, Rafael _d1897-1964 _982276 |
|
| 830 |
_pSerie D _982456 _n5 |
||
| 910 | _aYLockward | ||
| 942 |
_2ddc _cLF2 |
||
| 999 |
_c52491 _d52491 |
||